[Event "DRUZYNOWE MISTRZOSTWA POLSKI JUNIOROW - II LIGA"]
[Site "Szczyrk, CKiR Orle Gniazdo ul. Wrzosowa 28a"]
[Date "2014-07-26"]
[Round "2.1"]
[White "Banach, Szymon"]
[Black "Ulanowski, Karol"]
[Result "1/2-1/2"]
[WhiteTitle "I+"]
[BlackTitle "k"]
[WhiteElo "1891"]
[BlackElo "2124"]

1. e4 c5 2. Nf3 d6 3. Bb5+ Nd7 4. O-O a6 5. Bxd7+ Bxd7 6. d4 cxd4 7. Nxd4 Qc7 8.
Nc3 e6 9. a4 Nf6 10. Be3 Rc8 11. a5 e5 12. Nde2 h6 13. Ng3 Qc6 14. h3 Be7 15.
Qf3 g6 16. Rfd1 Kf8 17. Na4 Kg7 18. Nb6 Rcf8 19. c4 Be6 20. b3 Nd7 21. Qe2 Nxb6
22. Bxb6 h5 23. Qd3 f5 24. exf5 gxf5 25. f4 h4 26. Nf1 Rh6 27. fxe5 dxe5 28. Ne3
Rg6 29. Nd5 Bf6 30. Ra2 f4 31. b4 Rg3 32. Qe4 Bxh3 33. Nxf6 Qxf6 34. Bc7 Re8 35.
Rd5 Re3 36. Qb1 Bf5 37. Qd1 h3 38. Rf2 Qh4 39. Qf1 Kf7 40. Bxe5 R8xe5 41. Rxf4
h2+ 42. Kh1 Re1 43. Rxe5 Rxf1+ 44. Rxf1 Qxc4 45. Rexf5+ Kg6 46. R1f4 Qd3 47. Kxh2
Qe2 48. Rf2 1/2-1/2

[Event "DRUZYNOWE MISTRZOSTWA POLSKI JUNIOROW - II LIGA"]
[Site "Szczyrk, CKiR Orle Gniazdo ul. Wrzosowa 28a"]
[Date "2014-07-26"]
[Round "2.2"]
[White "Wyczling, Bartosz"]
[Black "Kaminski, Piotr"]
[Result "1-0"]
[WhiteTitle "I"]
[BlackTitle "II+"]
[WhiteElo "1766"]
[BlackElo "1601"]

1. d4 Nf6 2. c4 e6 3. Nc3 Bb4 4. e3 b6 5. Nge2 Ba6 6. a3 Bxc3+ 7. Nxc3 d5 8. b3
O-O 9. Bd3 dxc4 10. bxc4 Nc6 11. Bb2 Na5 12. Qe2 Rc8 13. Rd1 Qe7 14. O-O Rfd8
15. f4 c5 16. d5 exd5 17. cxd5 Bxd3 18. Qxd3 c4 19. Qe2 Ne4 20. Nxe4 Qxe4 21.
Rd4 Qe7 22. d6 Qf8 23. Bc3 Nb3 24. Rdd1 Rc6 25. d7 a5 26. Be5 Qxa3 27. Qf3 Qc5
28. Rd5 Qe7 29. Rfd1 c3 30. R5d3 Rc4 31. Qd5 Qe6 32. Qxe6 fxe6 33. Rxc3 Rxc3 34.
Bxc3 Nc5 35. Rd6 Rxd7 36. Rxb6 Rd1+ 37. Kf2 Ne4+ 38. Kf3 Nxc3 39. Rxe6 Kf7 40.
Rc6 Rf1+ 41. Kg3 Ne4+ 42. Kh3 Ra1 43. Rc7+ Kg6 44. Rc6+ Kf7 45. Rc7+ Kf6 46. Rc6+
Kf7 47. Rc7+ Ke6 48. Rxg7 Nf6 49. Ra7 Ra3 50. Kh4 a4 51. g4 Ra2 52. g5 Ne4 53.
Kg4 Nd6 54. Rxh7 Rb2 55. Ra7 Rb4 56. h4 Re4 57. h5 Rxe3 58. Rxa4 Re1 59. h6 Rh1
60. Ra6 Ke7 61. Ra7+ Ke6 62. Ra6 Ke7 63. Ra3 Kf7 64. Rh3 Rxh3 65. Kxh3 Kg6 66.
Kg4 Ne8 67. f5+ Kh7 68. Kf4 Kg8 69. g6 Nf6 70. h7+ Kg7 71. Ke5 Ne8 72. Ke6 Nc7+
73. Kd6 Nb5+ 74. Ke7 Nd4 75. f6+ Kh8 76. f7 Nf5+ 77. Kf6 1-0

[Event "DRUZYNOWE MISTRZOSTWA POLSKI JUNIOROW - II LIGA"]
[Site "Szczyrk, CKiR Orle Gniazdo ul. Wrzosowa 28a"]
[Date "2014-07-26"]
[Round "2.3"]
[White "Mietkiewicz, Jacek"]
[Black "Belczewski, Jacek"]
[Result "0-1"]
[WhiteTitle "II+"]
[BlackTitle "I"]
[WhiteElo "1564"]
[BlackElo "1753"]

1. d4 Nf6 2. c4 e6 3. Nc3 Bb4 4. Nf3 b6 5. Bg5 Bb7 6. e3 h6 7. Bh4 g5 8. Bg3 Ne4
9. Qc2 Bxc3+ 10. bxc3 Nxg3 11. hxg3 Nc6 12. g4 Qe7 13. Rb1 O-O-O 14. c5 Na5 15.
Nd2 Rdf8 16. Nb3 Nxb3 17. Qxb3 d6 18. Qa4 dxc5 19. Qxa7 Qd6 20. Ba6 Bxa6 21. Qxa6+
Kd7 22. Qb5+ Qc6 23. dxc5 Qxb5 24. Rxb5 Kc6 25. c4 bxc5 26. Kd2 Ra8 27. Rb2 Ra4
28. Kc3 Ra3+ 29. Kc2 f5 30. gxf5 exf5 31. Kb1 Ra4 32. Rc2 h5 33. Kb2 h4 34. a3
Rb8+ 35. Ka2 Rbb4 36. Rhc1 Kd6 37. f4 g4 38. Rc3 Ke6 39. R3c2 Kf6 40. Rc3 Kg6
41. g3 hxg3 42. R3c2 g2 43. Rxg2 Rxc4 44. Rxc4 Rxc4 45. Kb3 Re4 46. Re2 g3 47.
Kc3 Kh5 48. Kd3 Kg4 49. a4 Rxa4 50. Re1 g2 51. Re2 g1=Q 0-1

[Event "DRUZYNOWE MISTRZOSTWA POLSKI JUNIOROW - II LIGA"]
[Site "Szczyrk, CKiR Orle Gniazdo ul. Wrzosowa 28a"]
[Date "2014-07-26"]
[Round "2.4"]
[White "Lipiak, Mateusz"]
[Black "Kukorowski, Jan"]
[Result "1/2-1/2"]
[WhiteTitle "I"]
[BlackTitle "II"]
[WhiteElo "1541"]
[BlackElo "1359"]

1. e4 c5 2. Nf3 g6 3. d4 cxd4 4. Nxd4 Bg7 5. Nc3 Nc6 6. Be3 Nf6 7. Bc4 Qa5 8. O-O
O-O 9. Re1 d6 10. h3 Bd7 11. Nd5 Rfe8 12. Nxc6 bxc6 13. Nxf6+ Bxf6 14. Bd4 Bxd4
15. Qxd4 Qb6 16. Rad1 Qxd4 17. Rxd4 Rab8 18. b4 a5 19. bxa5 Ra8 20. a6 Bc8 21.
a4 Bxa6 22. Bxa6 Rxa6 23. Ra1 Rea8 24. Kf1 Ra5 25. Ke2 Kf8 26. Kd2 h6 27. Kc3
Ke8 28. Kb3 Rb8+ 29. Rb4 Rxb4+ 30. Kxb4 Ra8 31. a5 Kd7 32. Ka4 Kc7 33. Rb1 Ra6
34. f3 f6 35. g3 Ra7 36. c4 Ra6 37. Rb2 Ra7 38. Rb6 Ra8 39. Rb1 Ra7 40. Rb3 Ra8
41. Rb2 Ra7 42. Rb1 Ra8 43. h4 Ra7 44. g4 Ra8 45. Rb2 Ra7 46. g5 hxg5 47. hxg5
fxg5 48. Rg2 Rb7 49. Rxg5 Rb1 50. Ka3 Ra1+ 51. Kb2 Rf1 52. Rg3 Rf2+ 53. Kb3 Rf1
1/2-1/2

[Event "DRUZYNOWE MISTRZOSTWA POLSKI JUNIOROW - II LIGA"]
[Site "Szczyrk, CKiR Orle Gniazdo ul. Wrzosowa 28a"]
[Date "2014-07-26"]
[Round "2.5"]
[White "Wilk, Oktawia"]
[Black "Olechnicka, Karolina"]
[Result "0-1"]
[WhiteTitle "I+"]
[BlackTitle "I++"]
[WhiteElo "1662"]
[BlackElo "1723"]

1. e4 c5 2. Nf3 d6 3. d4 cxd4 4. Nxd4 Nf6 5. Nc3 a6 6. Bg5 e6 7. f4 h6 8. Bh4 Qb6
9. Qd3 Qxb2 10. Rb1 Qa3 11. Nb3 Nbd7 12. Bf2 Be7 13. Be2 Nc5 14. Qf3 Nfd7 15.
O-O O-O 16. Be3 Bf6 17. Bd2 b5 18. Bd3 Bb7 19. Qe2 Rac8 20. Qe1 Nxd3 21. cxd3
Nc5 22. Rf3 Nd7 23. d4 Nb6 24. Kh1 Rc7 25. Re3 Rfc8 26. e5 dxe5 27. fxe5 Bg5 28.
Rh3 Bxd2 29. Qxd2 Nc4 30. Qf4 Qe7 31. Rg3 Kh7 32. Nc5 Nb6 33. Rf1 Rf8 34. N3e4
Bxe4 35. Qxe4+ Kh8 36. Qg4 Rg8 37. Rf6 g6 38. Qh4 Kg7 39. Nxe6+ Qxe6 40. Rxe6
Rc1# 0-1

[Event "DRUZYNOWE MISTRZOSTWA POLSKI JUNIOROW - II LIGA"]
[Site "Szczyrk, CKiR Orle Gniazdo ul. Wrzosowa 28a"]
[Date "2014-07-26"]
[Round "2.6"]
[White "Zalewska, Katarzyna"]
[Black "Szelag, Zuzanna"]
[Result "0-1"]
[WhiteTitle "II+"]
[BlackTitle "I"]
[WhiteElo "1360"]
[BlackElo "1483"]

1. d4 d5 2. Bf4 Nf6 3. e3 c5 4. c4 e6 5. Nc3 Nc6 6. Nf3 cxd4 7. exd4 Be7 8. cxd5
Nxd5 9. Nxd5 Qxd5 10. a3 Bf6 11. Be3 O-O 12. Be2 Rd8 13. Qa4 Bxd4 14. Rd1 e5 15.
Bb5 Bd7 16. O-O a6 17. Bc4 Qc5 18. Qb3 Be8 19. Ng5 Qe7 20. Bxd4 Nxd4 21. Qe3 Rac8
22. Bd3 g6 23. f4 h6 24. Nf3 Nxf3+ 25. Rxf3 e4 26. Rff1 Bc6 27. Rde1 Qe6 28. Bc2
Bb5 29. Rf2 Bd3 30. Bxd3 exd3 31. Qxe6 fxe6 32. Rd2 Rc2 33. Red1 Rxd2 34. Rxd2
Kf7 35. Kf2 Kf6 36. Ke3 Kf5 37. h3 h5 38. g3 Rd5 39. Rxd3 Rxd3+ 40. Kxd3 h4 41.
Ke3 hxg3 42. Kf3 g2 43. Kxg2 Kxf4 44. Kf2 e5 45. Ke2 g5 46. Kf2 e4 47. Ke2 Kg3
48. Ke3 Kxh3 49. Kxe4 g4 50. Kd4 g3 51. Kc5 g2 52. Kb6 g1=Q+ 53. Kxb7 Qf1 54.
Kb6 Qb5+ 55. Ka7 Kg4 56. b3 a5 57. a4 Qb4 58. Ka6 Kf5 0-1

[Event "DRUZYNOWE MISTRZOSTWA POLSKI JUNIOROW - II LIGA"]
[Site "Szczyrk, CKiR Orle Gniazdo ul. Wrzosowa 28a"]
[Date "2014-07-26"]
[Round "2.7"]
[White "Tomaszewski, Kacper"]
[Black "Kulas, Szymon"]
[Result "1/2-1/2"]
[WhiteTitle "I++"]
[BlackTitle "I++"]
[WhiteElo "2012"]
[BlackElo "2005"]

1. d4 Nf6 2. c4 g6 3. Nc3 Bg7 4. e4 d6 5. Be2 O-O 6. Nf3 Bg4 7. O-O Nfd7 8. Be3
Nc6 9. h3 Bxf3 10. Bxf3 e5 11. dxe5 dxe5 12. g3 Nd4 13. Bg2 c6 14. f4 Nb6 15.
b3 Qe7 16. Rc1 Rad8 17. Qe1 Nd7 18. Qf2 Nc5 19. Rcd1 a5 20. f5 Rd6 21. g4 Bf6
22. Kh1 Rfd8 23. Qb2 b6 24. Qc1 g5 25. Qb2 Kg7 26. Ne2 Nxe2 27. Qxe2 Rxd1 28.
Rxd1 Rxd1+ 29. Qxd1 Qd8 30. Qxd8 Bxd8 31. Bxc5 bxc5 32. a4 f6 33. Kg1 Kf7 34.
Kf2 Ke7 35. Kg3 Kd6 36. h4 h6 37. hxg5 hxg5 38. Bf3 Be7 39. Bd1 Bd8 40. Bc2 Bc7
1/2-1/2

[Event "DRUZYNOWE MISTRZOSTWA POLSKI JUNIOROW - II LIGA"]
[Site "Szczyrk, CKiR Orle Gniazdo ul. Wrzosowa 28a"]
[Date "2014-07-26"]
[Round "2.8"]
[White "Nowak, Kamil"]
[Black "Maj, Kornel"]
[Result "1-0"]
[WhiteTitle "I"]
[BlackTitle "II"]
[WhiteElo "1845"]
[BlackElo "1907"]

1. e4 c5 2. Nf3 d6 3. Bb5+ Bd7 4. Bxd7+ Qxd7 5. c4 Nc6 6. Nc3 g6 7. d4 cxd4 8.
Nxd4 Bg7 9. Nde2 Nf6 10. O-O O-O 11. f3 Qd8 12. Be3 Nd7 13. Qd2 Nc5 14. Rab1 a5
15. b3 Ne5 16. Nd5 Rb8 17. Nd4 Qd7 18. Nb6 Qd8 19. Nd5 Nc6 20. Nb5 b6 21. a3 Ne5
22. Rfc1 a4 23. Nd4 e6 24. Nb4 Nxb3 25. Nxb3 axb3 26. f4 b2 27. Rc2 Ng4 28. Nc6
Qh4 29. g3 Qh3 30. Nxb8 Nxe3 31. Qxe3 Rxb8 32. Rd2 Qh5 33. Kg2 Qc5 34. Qxc5 bxc5
35. e5 dxe5 36. Rdxb2 Rf8 37. Rb8 e4 38. a4 Bc3 39. R1b5 f5 40. a5 g5 41. a6 e3
42. a7 e2 43. Rxf8+ Kxf8 44. Rb7 e1=N+ 45. Kf1 1-0

[Event "DRUZYNOWE MISTRZOSTWA POLSKI JUNIOROW - II LIGA"]
[Site "Szczyrk, CKiR Orle Gniazdo ul. Wrzosowa 28a"]
[Date "2014-07-26"]
[Round "2.9"]
[White "Bilczewski, Kacper"]
[Black "Dolharz, Jakub"]
[Result "1-0"]
[WhiteTitle "I"]
[BlackTitle "II"]
[WhiteElo "1834"]
[BlackElo "1164"]

1. e4 e5 2. Nf3 Nf6 3. d3 Nc6 4. g3 Be7 5. Bg2 d6 6. O-O O-O 7. Nbd2 Bg4 8. Re1
h6 9. h3 Be6 10. Nf1 Qd7 11. Kh2 Rad8 12. Ne3 Kh8 13. c3 a6 14. Nh4 Rg8 15. Nhf5
Bxf5 16. Nxf5 Kh7 17. Qf3 Bf8 18. Nxh6 gxh6 19. Qxf6 Rg6 20. Qf3 Qe6 21. h4 Rg7
22. Bh3 Qe8 23. Bf5+ Kg8 24. Bxh6 Rg6 25. Bxg6 fxg6 26. Bxf8 Qxf8 27. Qxf8+ Rxf8
28. Rf1 Rf3 29. Rad1 Kg7 30. Kg2 Rf8 31. f4 exf4 32. Rxf4 Rxf4 33. gxf4 Nb8 34.
Kf3 Nd7 35. d4 Kf6 36. Rg1 Nf8 37. e5+ dxe5 38. dxe5+ Kf5 39. Rg5+ Ke6 40. h5
gxh5 41. Rxh5 Nd7 42. b4 Kd5 43. Rh7 Kc6 44. Ke4 Nb6 45. Rh6+ Kd7 46. Rxb6 cxb6
47. Kd5 Ke7 48. f5 Kf7 49. Kd6 Ke8 50. Ke6 Kf8 51. f6 Ke8 52. f7+ Kf8 53. Kf6
a5 54. e6 axb4 55. e7# 1-0

[Event "DRUZYNOWE MISTRZOSTWA POLSKI JUNIOROW - II LIGA"]
[Site "Szczyrk, CKiR Orle Gniazdo ul. Wrzosowa 28a"]
[Date "2014-07-26"]
[Round "2.11"]
[White "Stebel, Agata"]
[Black "Dwilewicz, Agata"]
[Result "1-0"]
[WhiteTitle "I"]
[BlackTitle "I"]
[WhiteElo "1616"]
[BlackElo "1540"]

1. e4 c5 2. c3 Nf6 3. e5 Nd5 4. d4 cxd4 5. Nf3 e6 6. cxd4 b6 7. a3 Qc7 8. Bd3 Nc6
9. O-O d6 10. Qe2 dxe5 11. dxe5 Be7 12. Re1 O-O 13. Qe4 f5 14. exf6 Nxf6 15. Qe2
Bd6 16. Nc3 a6 17. Bg5 Bf4 18. Bxf4 Qxf4 19. Ne4 e5 20. Bc4+ Kh8 21. Neg5 Bg4
22. Nf7+ Rxf7 23. Bxf7 e4 24. Qc4 Na5 25. Qa4 Qc7 26. Ng5 h6 27. Nxe4 Qxf7 28.
Nxf6 gxf6 29. Qxg4 Rg8 30. Qh3 Qg6 31. Rad1 Nc4 32. Rd4 Ne5 33. f4 Ng4 34. Qf3
h5 35. Rd5 f5 36. Rd2 Nf6 37. Qc3 Kh7 38. Re7+ Kh8 39. Re6 Rf8 40. Rxb6 Qg7 41.
Rdd6 Ne4 42. Rh6+ Kg8 43. Qc4+ 1-0

[Event "DRUZYNOWE MISTRZOSTWA POLSKI JUNIOROW - II LIGA"]
[Site "Szczyrk, CKiR Orle Gniazdo ul. Wrzosowa 28a"]
[Date "2014-07-26"]
[Round "2.12"]
[White "Szulc, Patrycja"]
[Black "Robakowska, Paulina"]
[Result "1/2-1/2"]
[WhiteTitle "II"]
[BlackTitle "II"]
[WhiteElo "1383"]
[BlackElo "1274"]

1. e4 e6 2. d4 d5 3. Nd2 c5 4. c3 Nc6 5. exd5 exd5 6. Ndf3 Nf6 7. Bb5 cxd4 8. Nxd4
Bd7 9. Nge2 Bc5 10. O-O O-O 11. Nxc6 bxc6 12. Bd3 Ne4 13. Bxe4 dxe4 14. Qb3 Qb6
15. Qxb6 axb6 16. b4 Be7 17. Be3 b5 18. Rfd1 Be6 19. Rd2 Ra3 20. Bd4 Rfa8 21.
Ng3 f5 22. h3 g6 23. Kf1 Bxa2 24. Ke1 Bc4 25. Rxa3 Rxa3 26. Be5 Ra1+ 27. Rd1 Rxd1+
28. Kxd1 Kf7 29. Ne2 Ke6 30. Bg3 c5 31. Nf4+ Kd7 32. bxc5 Bxc5 33. Kc2 Bd6 34.
h4 Kc6 35. Kd2 Kc5 36. Kc2 Bf7 37. Kd2 Be7 38. Kc2 Bf6 39. Ne2 Bc4 40. Nf4 b4
41. cxb4+ Kxb4 42. Kd2 g5 43. hxg5 Bxg5 44. Kc2 Bf1 45. Nd5+ Kc5 46. Ne3 Bxe3
47. fxe3 Bxg2 48. Bf4 h5 49. Kd2 h4 50. Ke1 h3 51. Kf2 Kc4 52. Kg1 Kd3 53. Kh2
Ke2 54. Kg1 Kd1 55. Kh2 Kd2 56. Kg1 Ke2 57. Kh2 Kf3 58. Kg1 Ke2 1/2-1/2

[Event "DRUZYNOWE MISTRZOSTWA POLSKI JUNIOROW - II LIGA"]
[Site "Szczyrk, CKiR Orle Gniazdo ul. Wrzosowa 28a"]
[Date "2014-07-26"]
[Round "2.13"]
[White "Lizak, Jakub"]
[Black "Tomczak, Mikolaj"]
[Result "1/2-1/2"]
[WhiteTitle "I++"]
[BlackTitle "k"]
[WhiteElo "1980"]
[BlackElo "2158"]

1. e4 c5 2. Nf3 g6 3. d4 cxd4 4. Qxd4 Nf6 5. Bb5 Nc6 6. Bxc6 dxc6 7. Qxd8+ Kxd8
8. Nc3 Nd7 9. Bf4 Bg7 10. O-O-O Ke8 11. Bc7 e5 12. Rd3 f6 13. Bd6 Bf8 14. Rhd1
Bxd6 15. Rxd6 Ke7 16. b4 Nb6 17. h3 Be6 18. R6d3 a5 19. b5 cxb5 20. Nxb5 Rhc8
21. Nc3 Rc5 22. Rd6 Ra6 23. Rxb6 Rxb6 24. Na4 Rbc6 25. Nxc5 Rxc5 26. a3 Bd7 27.
Rd2 Bc6 28. Re2 Rc4 29. Nd2 Ra4 30. Kb2 Rd4 31. Kc1 b6 32. Re3 Ba4 33. Rc3 Kd8
34. Rf3 Rd6 35. Nb1 Bb5 36. Nd2 Kc7 37. Rc3+ Bc6 38. Re3 Rd4 39. Rc3 Kb7 40. Re3
Kb8 41. Rb3 Kb7 42. Re3 Ka6 43. Re2 b5 44. Re3 b4 45. c3 bxc3 46. Rxc3 Kb5 47.
Re3 Kb6 48. Kc2 Kc7 49. Rc3 Kd6 50. Re3 f5 51. f3 Ke6 52. Rc3 Ba4+ 53. Kc1 Bb5
54. Rc5 Bd3 55. Nb3 Rd6 56. Rxa5 fxe4 57. fxe4 Bf1 58. Ra7 h5 59. h4 Bxg2 60.
Nc5+ Kf6 1/2-1/2

[Event "DRUZYNOWE MISTRZOSTWA POLSKI JUNIOROW - II LIGA"]
[Site "Szczyrk, CKiR Orle Gniazdo ul. Wrzosowa 28a"]
[Date "2014-07-26"]
[Round "2.14"]
[White "Pilzak, Marcin"]
[Black "Szolc, Grzegorz"]
[Result "0-1"]
[WhiteTitle "I++"]
[BlackTitle "I"]
[WhiteElo "1974"]
[BlackElo "1883"]

1. e4 c5 2. Nf3 e6 3. d4 cxd4 4. Nxd4 Nc6 5. Nb5 d6 6. c4 Nf6 7. N1c3 a6 8. Na3
Be7 9. Be2 O-O 10. O-O b6 11. Be3 Bb7 12. Qb3 Nd7 13. Rfd1 Nc5 14. Qc2 Bf6 15.
Rac1 Be5 16. Nab1 f5 17. exf5 Rxf5 18. Bg4 Qh4 19. Bxf5 Qxh2+ 20. Kf1 exf5 21.
Qxf5 Qh1+ 22. Ke2 Qxg2 23. Rg1 Qh2 24. Nd5 Rf8 25. Qg4 Bc8 26. Qg2 Qh5+ 27. Kd2
Qf5 28. Nbc3 Qd3+ 29. Ke1 Nd4 30. f4 Kh8 31. b4 Nce6 32. Rf1 Bf6 33. Qf2 Nf5 34.
Qe2 Bxc3+ 35. Rxc3 Qxe2+ 36. Kxe2 Ng3+ 37. Ke1 Nxf1 38. Kxf1 Bb7 39. Nxb6 Nxf4
40. Bxf4 Rxf4+ 41. Kg1 h5 42. Rd3 Rf6 43. Nd5 Rg6+ 44. Kh2 Rg4 45. Ne3 Re4 46.
Nf5 Rxc4 47. Nxd6 Rxb4 48. Kh3 Bc6 49. Rc3 Bd7+ 50. Kg3 h4+ 51. Kf3 h3 52. Rc2
Rd4 53. Nf7+ Kg8 54. Ne5 Be6 55. Re2 Bd5+ 56. Kg3 Bg2 57. Ng6 Kh7 58. Ne7 g6 59.
Nc8 Kh6 60. Ne7 Rd3+ 61. Kh2 Kg7 62. Re6 Kf7 63. Nxg6 Rd2 64. Rb6 Rxa2 65. Nf4
Bf1+ 66. Kh1 a5 67. Rb1 Bg2+ 68. Nxg2 hxg2+ 69. Kg1 Ke6 70. Rb5 Kd6 71. Rg5 a4
72. Ra5 a3 73. Kh2 Kc6 74. Kg1 Kb6 75. Ra4 Kb5 76. Ra8 Kc4 77. Ra7 Kb3 78. Rb7+
Kc3 79. Ra7 Ra1+ 80. Kxg2 Kb2 81. Rb7+ Ka2 82. Kf2 Rb1 83. Ra7 Rb3 84. Ke2 Kb2
85. Rd7 a2 86. Rd2+ Ka3 87. Rd1 Rb1 88. Rd3+ Kb4 89. Rd4+ Kc5 0-1

[Event "DRUZYNOWE MISTRZOSTWA POLSKI JUNIOROW - II LIGA"]
[Site "Szczyrk, CKiR Orle Gniazdo ul. Wrzosowa 28a"]
[Date "2014-07-26"]
[Round "2.15"]
[White "Tustanowski, Mateusz"]
[Black "Nowak, Mikolaj"]
[Result "0-1"]
[WhiteTitle "I"]
[BlackTitle "I"]
[WhiteElo "1760"]
[BlackElo "1717"]

1. e4 c6 2. Nf3 d5 3. exd5 cxd5 4. Ne5 Nf6 5. d4 Nc6 6. Bb5 Bd7 7. Nxd7 Qxd7 8.
c3 e6 9. Bf4 Bd6 10. Bxd6 Qxd6 11. O-O O-O 12. Nd2 a6 13. Bd3 b5 14. a3 Rfb8 15.
Qe2 Ra7 16. b4 e5 17. Nb3 exd4 18. cxd4 Re7 19. Qf3 Rbe8 20. g3 Ne4 21. Rac1 g6
22. Rfd1 f5 23. Bf1 Qf6 24. Qd3 Nb8 25. Nc5 f4 26. Rc2 fxg3 27. hxg3 Rf8 28. Nxe4
dxe4 29. Qe3 Qd6 30. Bg2 Nc6 31. Bxe4 Ne5 32. Qb3+ Nc4 33. Bg2 Rfe8 34. Rcc1 Qf6
35. Bf1 Rf7 36. Rc2 Nd6 37. Bg2 Ne4 38. Rf1 Qxd4 39. Rc7 Ref8 40. Qe6 Ng5 41.
Qa2 Kg7 42. Rc6 Nf3+ 43. Bxf3 Rxf3 44. Kg2 Rxg3+ 45. fxg3 Qe4+ 46. Kh3 Qxc6 47.
Qb2+ Rf6 48. Qd4 Qd6 49. Qa7+ Kh6 50. Rh1 Qd5 51. Rh2 Qf7 52. Kg4+ Kg7 53. Qd4
Qe6+ 54. Kh4 Qf5 55. Qd2 Qh5# 0-1

[Event "DRUZYNOWE MISTRZOSTWA POLSKI JUNIOROW - II LIGA"]
[Site "Szczyrk, CKiR Orle Gniazdo ul. Wrzosowa 28a"]
[Date "2014-07-26"]
[Round "2.16"]
[White "Dembinski, Bartosz"]
[Black "Kukula, Karol"]
[Result "1-0"]
[WhiteTitle "II"]
[BlackTitle "II"]
[WhiteElo "1261"]
[BlackElo "1299"]

1. e4 Nf6 2. Nc3 d5 3. e5 d4 4. exf6 dxc3 5. bxc3 exf6 6. d4 Be7 7. Bd3 O-O 8.
Qf3 Re8 9. Ne2 Nc6 10. O-O Be6 11. Rd1 Qd7 12. h3 Bd5 13. Qf5 Qxf5 14. Bxf5 Bd6
15. Nf4 Be4 16. Bxe4 Rxe4 17. Nd5 Ne7 18. Nxe7+ Rxe7 19. Be3 b6 20. Rab1 Rb8 21.
c4 Ree8 22. Rd3 Kf8 23. Rdb3 c6 24. c5 bxc5 25. dxc5 Bc7 26. g3 Rxb3 27. Rxb3
Rb8 28. Kg2 Rxb3 29. cxb3 Ke7 30. Kf3 Ke6 31. Ke4 Be5 32. f4 Bc3 33. Kd3 Ba5 34.
Kc4 Kd7 35. b4 Bc7 36. a4 Kc8 37. Bd2 Kb7 38. h4 h5 39. b5 Bd8 40. Bc3 Be7 41.
Ba5 g5 42. f5 gxh4 43. gxh4 Bf8 44. Bd8 1-0

[Event "DRUZYNOWE MISTRZOSTWA POLSKI JUNIOROW - II LIGA"]
[Site "Szczyrk, CKiR Orle Gniazdo ul. Wrzosowa 28a"]
[Date "2014-07-26"]
[Round "2.17"]
[White "Wojcik, Jagoda"]
[Black "Glapa, Anna"]
[Result "0-1"]
[WhiteTitle "I"]
[BlackTitle "I++"]
[WhiteElo "1379"]
[BlackElo "1680"]

1. e4 c5 2. Nf3 a6 3. c3 d5 4. exd5 Qxd5 5. d4 e6 6. Be3 cxd4 7. Qxd4 Nf6 8. Bc4
Qxd4 9. Nxd4 Ng4 10. Nc2 b5 11. Be2 Nxe3 12. Nxe3 Bb7 13. O-O Bc5 14. Nd2 O-O
15. Nc2 Rd8 16. Nb3 Bb6 17. Nbd4 Nd7 18. Bf3 Bxf3 19. Nxf3 Nc5 20. Rad1 Nd3 21.
Ne3 Bxe3 22. fxe3 Nxb2 23. Rb1 Nc4 24. e4 Nd2 25. Nxd2 Rxd2 26. Rf2 Rad8 27. Rxd2
Rxd2 28. a4 h6 29. axb5 axb5 30. Rxb5 Rc2 31. Rc5 Kh7 32. Kf1 Kg6 33. Rc7 Kf6
34. e5+ Kxe5 35. Rxf7 g6 36. Rf3 h5 37. h3 g5 38. h4 g4 39. Re3+ Kf4 40. Rd3 e5
41. Kg1 Ke4 42. Rg3 Rc1+ 43. Kf2 Rc2+ 44. Kf1 Rd2 45. c4 Rc2 46. Ra3 Rxc4 47.
g3 Kd4 48. Kf2 Rc2+ 49. Kf1 Rc3 50. Ra4+ Ke3 51. Ra5 Kf3 52. Ke1 Re3+ 53. Kd2
Re2+ 54. Kd1 Re4 55. Kd2 Kxg3 56. Ra1 Kxh4 57. Kd3 Rf4 58. Ra5 g3 0-1

[Event "DRUZYNOWE MISTRZOSTWA POLSKI JUNIOROW - II LIGA"]
[Site "Szczyrk, CKiR Orle Gniazdo ul. Wrzosowa 28a"]
[Date "2014-07-26"]
[Round "2.18"]
[White "Tomczak, Marta"]
[Black "Kawecka, Malgorzata"]
[Result "1-0"]
[WhiteTitle "II"]
[BlackTitle "II+"]
[WhiteElo "1293"]
[BlackElo "1235"]

1. e4 d5 2. exd5 Qxd5 3. Nc3 Qa5 4. d4 Nf6 5. Nf3 c6 6. Bd2 Bf5 7. Bc4 e6 8. Ne5
Qc7 9. Bb3 Bd6 10. Qe2 h6 11. h3 Nbd7 12. g4 Bh7 13. Nxf7 O-O 14. Qxe6 Rae8 15.
Nxh6+ Kh8 16. Nf7+ Kg8 17. Nxd6+ Rxe6+ 18. Bxe6+ Kh8 19. Nf7+ Kg8 20. Nh6+ Kh8
21. Nf7+ Kg8 22. Ng5+ Kh8 23. Nxh7 Kxh7 24. O-O-O Nb8 25. d5 cxd5 26. Nxd5 Nxd5
27. Bxd5 Rc8 28. Be4+ g6 29. Bd3 Qf7 30. Kb1 a6 31. f4 Rc6 32. f5 gxf5 33. Bxf5+
Kg7 34. Bc3+ Kh6 35. Rd8 b5 36. Rf1 Qc4 37. Rh8+ Kg5 38. Rh5# 1-0

[Event "DRUZYNOWE MISTRZOSTWA POLSKI JUNIOROW - II LIGA"]
[Site "Szczyrk, CKiR Orle Gniazdo ul. Wrzosowa 28a"]
[Date "2014-07-26"]
[Round "2.19"]
[White "Klimek, Marcin"]
[Black "Ziabek, Patryk"]
[Result "0-1"]
[WhiteTitle "I"]
[BlackTitle "I"]
[WhiteElo "1800"]
[BlackElo "1896"]

1. e4 c5 2. Nf3 d6 3. Bb5+ Nd7 4. O-O a6 5. Bxd7+ Bxd7 6. d4 cxd4 7. Qxd4 Rc8 8.
Nc3 e5 9. Qd3 h6 10. Be3 Nf6 11. Nd2 b5 12. a4 b4 13. Na2 a5 14. c3 bxc3 15. Nxc3
Rb8 16. Nc4 Be6 17. Nb5 Bxc4 18. Qxc4 Rc8 19. Qd3 Be7 20. Rac1 O-O 21. Na7 Ra8
22. Rfd1 Qd7 23. Nc6 Rfc8 24. Nxe5 dxe5 25. Qxd7 Nxd7 26. Rxc8+ Rxc8 27. Rxd7
Bb4 28. Rd5 Rc2 29. g3 Rxb2 30. Bb6 Bc3 31. Bxa5 Bd4 32. Bc7 Bxf2+ 33. Kf1 Bd4
34. Bxe5 Bxe5 35. Rxe5 Rxh2 36. a5 Ra2 37. Re8+ Kh7 38. Ra8 Kg6 39. a6 Kh5 40.
Ra7 g5 41. Rxf7 Rxa6 42. Kg2 Kg4 43. e5 0-1

[Event "DRUZYNOWE MISTRZOSTWA POLSKI JUNIOROW - II LIGA"]
[Site "Szczyrk, CKiR Orle Gniazdo ul. Wrzosowa 28a"]
[Date "2014-07-26"]
[Round "2.20"]
[White "Bazant, Tomasz"]
[Black "Klimek, Piotr"]
[Result "0-1"]
[WhiteTitle "II"]
[BlackTitle "I"]
[WhiteElo "1545"]
[BlackElo "1839"]

1. e4 e6 2. d4 d5 3. Nd2 c5 4. exd5 exd5 5. Ngf3 Nc6 6. Be2 Bd6 7. dxc5 Bxc5 8.
Nb3 Bb6 9. O-O Nf6 10. Nfd4 O-O 11. Be3 Bc7 12. c3 a6 13. Re1 Ne4 14. f3 Qh4 15.
fxe4 Bxh2+ 16. Kf1 Qf6+ 17. Bf2 dxe4 18. Nxc6 e3 19. Bf3 exf2 20. Ne7+ Kh8 21.
Kxf2 Qh4+ 22. Kf1 Be6 23. Nd5 Qc4+ 24. Re2 Rad8 25. Qd4 Bxd5 26. Bxd5 Qxd5 27.
Qxd5 Rxd5 28. Nd4 Be5 29. Rd1 h5 30. Kf2 g5 31. Red2 Rfd8 32. Nf3 Rxd2+ 33. Rxd2
Rxd2+ 34. Nxd2 Kg7 35. Nc4 Kf6 36. Kf3 Ke6 37. a4 f5 38. Ne3 h4 39. Kf2 Bc7 40.
Nc4 Kd5 41. b3 Ke4 42. Ke2 g4 43. Nd2+ Kf4 44. Nf1 Bb6 45. b4 Bg1 46. c4 h3 47.
g3+ Ke5 48. b5 h2 49. Nxh2 Bxh2 50. Kf2 Kd4 51. bxa6 bxa6 52. Kg2 Bxg3 53. Kxg3
Kxc4 0-1

[Event "DRUZYNOWE MISTRZOSTWA POLSKI JUNIOROW - II LIGA"]
[Site "Szczyrk, CKiR Orle Gniazdo ul. Wrzosowa 28a"]
[Date "2014-07-26"]
[Round "2.21"]
[White "Paliszewski, Dominik"]
[Black "Janiszewski, Filip"]
[Result "0-1"]
[WhiteTitle "II"]
[BlackTitle "I"]
[WhiteElo "1621"]
[BlackElo "1825"]

1. e4 c5 2. Nf3 d6 3. d4 cxd4 4. Qxd4 Nc6 5. Bb5 Bd7 6. Bxc6 Bxc6 7. Nc3 Nf6 8.
Bg5 e6 9. O-O-O Be7 10. Qd3 a6 11. Rhe1 Qc7 12. Nd4 b5 13. f3 Bd7 14. f4 h6 15.
Bh4 b4 16. Nce2 Qa5 17. Kb1 g5 18. fxg5 hxg5 19. Bg3 e5 20. Nb3 Qc7 21. c4 a5
22. Nd2 Be6 23. Rc1 Rc8 24. h3 Nd7 25. Bf2 g4 26. Rh1 gxh3 27. gxh3 Nc5 28. Bxc5
Qxc5 29. b3 a4 30. Kb2 axb3 31. axb3 Ra8 32. Rb1 Kd7 33. Kc1 Bg5 34. Rh2 Ra2 35.
Rb2 Rxb2 36. Kxb2 Bxd2 37. Qxd2 Rxh3 38. Rxh3 Bxh3 39. Kc2 Bf1 40. Qe1 Bxe2 41.
Qxe2 Qd4 42. Qg4+ Kc7 43. Qf3 Kb6 44. Kb1 Kc5 45. Kc2 f6 46. Kb1 Qd2 47. Qf5 Qd3+
48. Kc1 Qc3+ 49. Kd1 Qxb3+ 50. Ke1 Qe3+ 51. Kd1 Qd3+ 52. Ke1 Kd4 53. Qd7 Qxe4+
54. Kf1 Kxc4 55. Qc8+ Kb3 56. Qe6+ Qc4+ 57. Qc8 Qe4 58. Qh3+ 0-1

[Event "DRUZYNOWE MISTRZOSTWA POLSKI JUNIOROW - II LIGA"]
[Site "Szczyrk, CKiR Orle Gniazdo ul. Wrzosowa 28a"]
[Date "2014-07-26"]
[Round "2.22"]
[White "Dixa, Oskar"]
[Black "Oglaza, Oskar"]
[Result "1/2-1/2"]
[WhiteTitle "I"]
[BlackTitle "I"]
[WhiteElo "1496"]
[BlackElo "1682"]

1. e4 c5 2. Nf3 d6 3. d4 cxd4 4. Nxd4 Nf6 5. Nc3 a6 6. Bg5 e6 7. f4 Be7 8. Qf3
Qc7 9. O-O-O Nbd7 10. Bd3 Rb8 11. Rhe1 b5 12. Qg3 h6 13. Bh4 b4 14. Nd5 exd5 15.
exd5 O-O 16. Nf5 Nh5 17. Nxe7+ Kh8 18. Qf3 Ndf6 19. h3 Bb7 20. g4 Nxd5 21. Nxd5
Bxd5 22. Qxd5 Nxf4 23. Qf5 Ng6 24. Re7 Qc5 25. Qe4 f5 26. gxf5 Nxe7 27. f6 Nf5
28. Qxf5 Qxf5 29. Bxf5 Rb5 30. fxg7+ Kxg7 31. Be6 Re5 32. Rg1+ Kh7 33. Be7 Re8
34. Bf6 R5xe6 35. Rg7+ Kh8 36. Rg6+ Kh7 37. Rg7+ Kh8 38. Rg6+ Kh7 39. Rg7+ Kh8
40. Rg6+ Kh7 41. Rg7+ Kh8 42. Rg6+ Kh7 1/2-1/2